[Event "Scarborough CC Fall Swiss U1700"]
[Site "Toronto"]
[Date "2007.11.01"]
[Round "1"]
[White "Amitzia, Gabriel"]
[Black "Verde, Pino"]
[Result "0-1"]
[WhiteElo "1543"]
[BlackElo "1652"]
[PlyCount "94"]
[EventDate "2007.11.01"]
[EventType "swiss"]
[EventRounds "8"]
[EventCountry "CAN"]
[SourceTitle "EXT 2022"]
[Source "ChessBase"]
[SourceDate "2021.10.06"]
[SourceVersion "1"]
[SourceVersionDate "2021.10.06"]
[SourceQuality "1"]

1. d4 Nf6 2. c4 e5 3. a3 exd4 4. Qxd4 Nc6 5. Qd1 Bc5 6. e3 a5 7. Nc3 d6 8. Bd3 Ne5 9. h3 c6 10. Nf3 Nxd3+ 11. Qxd3 Qe7 12. b3 h6 13. Ra2 0-0 14. Rd2 Re8 15. Rd1 Bd7 16. a4 Bb4 17. 0-0 Bxc3 18. Qxc3 Ne4 19. Qc2 Bf5 20. Nd4 Bg6 21. Qb2 Rac8 22. Ne2 Qg5 23. f3 Ng3 24. Nxg3 Qxg3 25. Qd2 d5 26. c5 Bf5 27. Qf2 Qg6 28. Kh1 Bc2 29. Rd4 h5 30. Qd2 Bxb3 31. Qxa5 Bc4 32. Re1 Qg3 33. e4 Ra8 34. Qb4 Rxa4 35. Bf4 Qf2 36. Be3 Qxe3 37. Qxa4 Qxe1+ 38. Kh2 Qf2 39. Qa1 Bf1 40. Rd2 Qxd2 41. Qxf1 dxe4 42. fxe4 Rxe4 43. Qf5 Qd5 44. Qc8+ Kh7 45. Qxb7 Qe5+ 46. Kg1 Re1+ 47. Kf2 Qe3# 0-1